Los elementos climáticos y los cultivos /
Guardado en:
| Autor Principal: | |
|---|---|
| Formato: | Libro |
| Publicado: |
Buenos Aires :
Sudamericana,
1945
|
| Edición: | 2a. ed. |
| Materias: | |
| Etiquetas: |
Agregar Etiqueta
Sin Etiquetas, Sea el primero en etiquetar este registro!
|
| LEADER | 00909nam a22002655a 4500 | ||
|---|---|---|---|
| 001 | CEM.cems015803 | ||
| 008 | 130507s1945##################000#0#####d | ||
| 005 | 20210811195201.0 | ||
| 003 | CEMS | ||
| 245 | 1 | 0 | |a Los elementos climáticos y los cultivos / |c Armando L de Fina, |
| 250 | |a 2a. ed. | ||
| 260 | |a Buenos Aires : |b Sudamericana, |c 1945 | ||
| 300 | |a 258 p. | ||
| 100 | 1 | |a De Fina, Armando L. | |
| 082 | 0 | 4 | |a 551.59 |
| 653 | |a Climatología | ||
| 653 | |a Climatología agrícola | ||
| 653 | |a Fenologia | ||
| 653 | |a Heladas | ||
| 653 | |a Granizo | ||
| 859 | |a CEMS |b BIB. CEMS - Agricultura |h 551.59 |i D34 |p A6136.77 |t Ej.1 | ||
| 859 | |a CEMS |b BIB. CEMS - Agricultura |h 551.59 |i D34 |p A6137.77 |t Ej.2 | ||
| 859 | |a CEMS |b BIB. CEMS - Agricultura |h 551.59 |i D34 |p A6138.77 |t Ej.3 | ||
| 859 | |a CEMS |b BIB. CEMS - Agricultura |h 551.59 |i D34 |p A6139.77 |t Ej.4 | ||
| 859 | |a CEMS |b BIB. CEMS - Agricultura |h 551.59 |i D34 |p A15989.90 |t Ej.5 | ||
